| 000 | 00348nam a2200133 i 4500 | ||
|---|---|---|---|
| 001 | bg | ||
| 100 | 1 | _aTORBICZ, W. | |
| 245 | 0 |
_aTeoria i własności tranzystorów polowych jako czujników biochemicznych / _cW.Torbacz. |
|
| 260 |
_aWrocław, _c1988. |
||
| 040 | _cBPK | ||
| 041 | _apol | ||
| 942 | _cKS | ||
| 008 | s pl f |000 0 pol | ||
| 999 |
_c28796 _d28796 |
||
| 856 |
_uhttp://koha.tu.koszalin.pl/cgi-bin/koha/opac-detail.pl?biblionumber=28796 _yKatalog online BPK |
||